000
00315 a2200133 4500
082
_a
512.1 YUS
090
_c
39103
_d
39103
100
_a
S M Yusuf
245
_a
Mathematical Methods 3rd Ed
_h
English
250
_a
3
260
_a
Lahore
_b
Illmi Kitab Khana
_c
2002
300
_a
554p
942
_a
CAE NUST
_k
512.1 YUS
999
_c
467371
_d
467371